| 000 | 00469pab a2200181 454500 | ||
|---|---|---|---|
| 008 | 180718b1997 xxu||||| |||| 00| 0 eng d | ||
| 100 | _aSarker, Subhash Chandra | ||
| 245 | _aCRB scandal: Reserve Bank's culpability | ||
| 260 | _c1997 | ||
| 300 | _ap.15-20 | ||
| 362 | _a6 Dec | ||
| 650 | _aCorruption - India | ||
| 650 | _aCapital market - India | ||
| 650 | _aFinancial markets - India | ||
| 650 | _aFinancial markets | ||
| 773 | _aMainstream | ||
| 909 | _a36113 | ||
| 999 |
_c36113 _d36113 |
||